00539cam a22001814a 4500020002800000020004400028020002300072020003200095040000800127082002600135100002400161245003800185250001200223260004800235300003500283650001700318700002200335 a0072467665 (alk. paper) a0071151443 (international : alk. paper) a0072467924 (CDROM) a0072552743 (text and CDROM) cDLC00a658 MCG 2003 A039 Or.1 aBrealey, Richard A.10aPrinciples of corporate finance / a7th ed. aBoston, Mass. :bMcGraw-Hill/Irwin,cc2003. axxv, 1071 p. :bill. ;c26 cm. 0aCorporations1 aMyers, Stewart C.